| Tag |
First Indicator |
Second Indicator |
Subfields |
| LEADER |
00000cas a2200000 a 4500 |
| 001 |
in00000023338 |
| 005 |
20230614174948.3 |
| 008 |
780907c19949999caubr p s 0 a0eng c |
| 010 |
|
|
|a sn 98004133
|
| 035 |
|
|
|a (OCoLC)ocm32522860
|
| 040 |
|
|
|a SYB
|b eng
|c SYB
|d NSD
|d SYS
|d OCLCQ
|d NYG
|d DLC
|d MUQ
|d OCLCQ
|d INU
|d OCLCF
|d UPM
|d TXA
|
| 019 |
|
|
|a 990729628
|a 994451563
|
| 022 |
0 |
|
|a 1098-0083
|l 1098-0083
|2 1
|
| 029 |
1 |
|
|a AU@
|b 000013765743
|
| 032 |
|
|
|a 343700
|b USPS
|
| 035 |
|
|
|a (OCoLC)32522860
|z (OCoLC)990729628
|z (OCoLC)994451563
|
| 037 |
|
|
|b Bobit Business Media, 3520 Challenger Street, Torrance, CA 90503-1640
|
| 042 |
|
|
|a nsdp
|a pcc
|
| 050 |
|
4 |
|a HE5601
|b .M4
|
| 082 |
1 |
0 |
|a 388
|2 13
|
| 090 |
|
|
|a TF701
|b M3
|
| 049 |
|
|
|a TXAM
|
| 130 |
0 |
|
|a Metro (Redondo Beach, Calif. : 1994)
|
| 210 |
0 |
|
|a Metro
|b (Redondo Beach Calif., 1994)
|
| 222 |
|
0 |
|a Metro
|b (Redondo Beach, Calif. 1994)
|
| 245 |
1 |
0 |
|a Metro.
|
| 246 |
1 |
|
|i Issues for Jan. 2006- have title:
|a Metro magazine
|
| 264 |
|
1 |
|a Redondo Beach, Calif. :
|b Bobit Pub. Co.,
|c 1994-
|
| 264 |
3 |
1 |
|3 <Jan. 2005->:
|a Torrance, Calif. :
|b Bobit Business Media
|
| 300 |
|
|
|a volumes :
|b illustrations (some color) ;
|c 29 cm
|
| 310 |
|
|
|a Bimonthly,
|b <May/June 2023>-
|
| 321 |
|
|
|a Frequency varies,
|b 1994-2016
|
| 321 |
|
|
|a Ten issues a year (monthly, except for July, Dec.),
|b 2017-
|
| 336 |
|
|
|a text
|b txt
|2 rdacontent
|
| 337 |
|
|
|a unmediated
|b n
|2 rdamedia
|
| 338 |
|
|
|a volume
|b nc
|2 rdacarrier
|
| 362 |
0 |
|
|a Vol. 90, no. 1 (Jan./Feb. 1994)-
|
| 500 |
|
|
|a Title from cover.
|
| 525 |
|
|
|a Issues have occasional supplements.
|
| 588 |
|
|
|a Latest issue consulted: Vol. 112, no. 7 (Sept./Oct. 2016).
|
| 650 |
|
0 |
|a Bus lines
|v Periodicals.
|
| 650 |
|
0 |
|a Buses
|v Periodicals.
|
| 650 |
|
7 |
|a Bus lines.
|2 fast
|0 (OCoLC)fst00842040
|
| 650 |
|
7 |
|a Buses.
|2 fast
|0 (OCoLC)fst00842142
|
| 655 |
|
7 |
|a Periodicals.
|2 fast
|0 (OCoLC)fst01411641
|
| 770 |
0 |
8 |
|i One issue a year published as:
|t Metro (Redondo Beach, Calif. : 1994). Fact book issue
|w (DLC) 2012257121
|w (OCoLC)33631080
|
| 776 |
0 |
8 |
|i Online version:
|t Metro (Redondo Beach, Calif. : 1994)
|w (OCoLC)692246699
|
| 780 |
0 |
0 |
|t Metro magazine (Redondo Beach, Calif.)
|x 1057-8196
|w (DLC) 91651013
|w (OCoLC)12292871
|
| 891 |
3 |
3 |
|9 853
|8 1
|a v.
|b no.
|u 7
|i (year)
|j (month)
|
| 891 |
4 |
0 |
|9 863
|8 1
|a <90>
|i <1994>
|x provisional
|
| 994 |
|
|
|a C0
|b TXA
|
| 948 |
|
|
|a cataloged
|b h
|c 2020/12/21
|d c
|e coplinger
|f 4:30:44 pm
|
| 999 |
f |
f |
|s 4219f464-b90a-3978-8f7d-d89c550f94d1
|i c761ab40-a323-33cb-92cd-d17ed5a891bf
|t 0
|
| 952 |
f |
f |
|p serial
|a Texas A&M University
|b College Station
|c Sterling C. Evans Library
|d Evans: Library Stacks
|t 0
|e TF701 .M3
|h Library of Congress classification
|i unmediated -- volume
|k v.100:no.6-10
|l 2004:July-Nov./Dec.
|m A14833672231
|
| 952 |
f |
f |
|p serial
|a Texas A&M University
|b College Station
|c Sterling C. Evans Library
|d Evans: Library Stacks
|t 0
|e TF701 .M3
|h Library of Congress classification
|i unmediated -- volume
|k v.91
|l 1995
|m A14821103226
|
| 952 |
f |
f |
|p serial
|a Texas A&M University
|b College Station
|c Sterling C. Evans Library
|d Evans: Library Stacks
|t 0
|e TF701 .M3
|h Library of Congress classification
|i unmediated -- volume
|k v.100:no.1-5
|l 2004:Jan.-June
|m A14832194159
|
| 952 |
f |
f |
|p serial
|a Texas A&M University
|b College Station
|c Sterling C. Evans Library
|d Evans: Library Stacks
|t 0
|e TF701 .M3
|h Library of Congress classification
|i unmediated -- volume
|k v.109:no.6-10
|l 2013:July-Nov./Dec.
|m A14842307937
|
| 952 |
f |
f |
|p serial
|a Texas A&M University
|b College Station
|c Sterling C. Evans Library
|d Evans: Library Stacks
|t 0
|e TF701 .M3
|h Library of Congress classification
|i unmediated -- volume
|k v.93
|l 1997
|m A14823512968
|
| 952 |
f |
f |
|p serial
|a Texas A&M University
|b College Station
|c Sterling C. Evans Library
|d Evans: Library Stacks
|t 0
|e TF701 .M3
|h Library of Congress classification
|i unmediated -- volume
|k v.114:no.6-10
|l 2018:July-Nov./Dec.
|m A14850404295
|
| 952 |
f |
f |
|p serial
|a Texas A&M University
|b College Station
|c Sterling C. Evans Library
|d Evans: Library Stacks
|t 0
|e TF701 .M3
|h Library of Congress classification
|i unmediated -- volume
|k v.108:no.1-5
|l 2012:Jan.-June
|m A14842307564
|
| 952 |
f |
f |
|p serial
|a Texas A&M University
|b College Station
|c Sterling C. Evans Library
|d Evans: Library Stacks
|t 0
|e TF701 .M3
|h Library of Congress classification
|i unmediated -- volume
|k v.108:no.6-10
|l 2012:July-Nov./Dec.
|m A14842307911
|
| 952 |
f |
f |
|p serial
|a Texas A&M University
|b College Station
|c Sterling C. Evans Library
|d Evans: Library Stacks
|t 0
|e TF701 .M3
|h Library of Congress classification
|i unmediated -- volume
|k v.118
|l 2022
|m A14851812009
|
| 952 |
f |
f |
|p serial
|a Texas A&M University
|b College Station
|c Sterling C. Evans Library
|d Evans: Library Stacks
|t 0
|e TF701 .M3
|h Library of Congress classification
|i unmediated -- volume
|k v.95:no.1-4
|l 1999:Jan./Feb.-June
|m A14827249583
|
| 952 |
f |
f |
|p serial
|a Texas A&M University
|b College Station
|c Sterling C. Evans Library
|d Evans: Library Stacks
|t 0
|e TF701 .M3
|h Library of Congress classification
|i unmediated -- volume
|k v.94:no.1-4
|l 1998:Jan./Feb.-June
|m A14827257976
|
| 952 |
f |
f |
|p serial
|a Texas A&M University
|b College Station
|c Sterling C. Evans Library
|d Evans: Library Stacks
|t 0
|e TF701 .M3
|h Library of Congress classification
|i unmediated -- volume
|k v.97:no.1-4
|l 2001:Jan.-May
|m A14828579648
|
| 952 |
f |
f |
|p serial
|a Texas A&M University
|b College Station
|c Sterling C. Evans Library
|d Evans: Library Stacks
|t 0
|e TF701 .M3
|h Library of Congress classification
|i unmediated -- volume
|k v.103:no.6-10
|l 2007:July-Nov./Dec.
|m A14836418903
|
| 952 |
f |
f |
|p serial
|a Texas A&M University
|b College Station
|c Sterling C. Evans Library
|d Evans: Library Stacks
|t 0
|e TF701 .M3
|h Library of Congress classification
|i unmediated -- volume
|k v.113:no.1-5
|l 2017:Jan./Feb.-June
|m A14850375800
|
| 952 |
f |
f |
|p serial
|a Texas A&M University
|b College Station
|c Sterling C. Evans Library
|d Evans: Library Stacks
|t 0
|e TF701 .M3
|h Library of Congress classification
|i unmediated -- volume
|k v.119:no.1-2,4-6
|l 2023:Jan.-Apr.,July-Dec.
|m A14852194001
|
| 952 |
f |
f |
|p serial
|a Texas A&M University
|b College Station
|c Sterling C. Evans Library
|d Evans: Library Stacks
|t 0
|e TF701 .M3
|h Library of Congress classification
|i unmediated -- volume
|k v.97:no.5-9
|l 2001:June-Dec.
|m A14828579614
|
| 952 |
f |
f |
|p serial
|a Texas A&M University
|b College Station
|c Sterling C. Evans Library
|d Evans: Library Stacks
|t 0
|e TF701 .M3
|h Library of Congress classification
|i unmediated -- volume
|k v.90
|l 1994
|m A14818840631
|
| 952 |
f |
f |
|p serial
|a Texas A&M University
|b College Station
|c Sterling C. Evans Library
|d Evans: Library Stacks
|t 0
|e TF701 .M3
|h Library of Congress classification
|i unmediated -- volume
|k v.101:no.1-5
|l 2005:Jan.-June
|m A14832836840
|
| 952 |
f |
f |
|p serial
|a Texas A&M University
|b College Station
|c Sterling C. Evans Library
|d Evans: Library Stacks
|t 0
|e TF701 .M3
|h Library of Congress classification
|i unmediated -- volume
|k v.111:no.6-9
|l 2015:Aug.-Nov./Dec.
|m A14843481376
|
| 952 |
f |
f |
|p serial
|a Texas A&M University
|b College Station
|c Sterling C. Evans Library
|d Evans: Library Stacks
|t 0
|e TF701 .M3
|h Library of Congress classification
|i unmediated -- volume
|k v.116:no.6-10
|l 2020:July/Aug.-2021:Fact Book
|m A14851501677
|
| 952 |
f |
f |
|p serial
|a Texas A&M University
|b College Station
|c Sterling C. Evans Library
|d Evans: Library Stacks
|t 0
|e TF701 .M3
|h Library of Congress classification
|i unmediated -- volume
|k v.99:no.1-4
|l 2003:Jan.-May
|m A14830946754
|
| 952 |
f |
f |
|p serial
|a Texas A&M University
|b College Station
|c Sterling C. Evans Library
|d Evans: Library Stacks
|t 0
|e TF701 .M3
|h Library of Congress classification
|i unmediated -- volume
|k v.98:no.1-4
|l 2002:Jan.-May
|m A14829640777
|
| 952 |
f |
f |
|p serial
|a Texas A&M University
|b College Station
|c Sterling C. Evans Library
|d Evans: Library Stacks
|t 0
|e TF701 .M3
|h Library of Congress classification
|i unmediated -- volume
|k v.103:no.1-5
|l 2007:Jan.-June
|m A14836133626
|
| 952 |
f |
f |
|p serial
|a Texas A&M University
|b College Station
|c Sterling C. Evans Library
|d Evans: Library Stacks
|t 0
|e TF701 .M3
|h Library of Congress classification
|i unmediated -- volume
|k v.116:no.1-5
|l 2020:Jan.-June
|m A14851485699
|
| 952 |
f |
f |
|p serial
|a Texas A&M University
|b College Station
|c Sterling C. Evans Library
|d Evans: Library Stacks
|t 0
|e TF701 .M3
|h Library of Congress classification
|i unmediated -- volume
|k v.96:no.5-9
|l 2000:June-Dec.
|m A14828579729
|
| 952 |
f |
f |
|p serial
|a Texas A&M University
|b College Station
|c Sterling C. Evans Library
|d Evans: Library Stacks
|t 0
|e TF701 .M3
|h Library of Congress classification
|i unmediated -- volume
|k v.115:no.1-5
|l 2019:Jan.-June
|m A14850935736
|
| 952 |
f |
f |
|p serial
|a Texas A&M University
|b College Station
|c Sterling C. Evans Library
|d Evans: Library Stacks
|t 0
|e TF701 .M3
|h Library of Congress classification
|i unmediated -- volume
|k v.115:no.6-10
|l 2019:July-Nov./Dec.
|m A14851467929
|
| 952 |
f |
f |
|p serial
|a Texas A&M University
|b College Station
|c Sterling C. Evans Library
|d Evans: Library Stacks
|t 0
|e TF701 .M3
|h Library of Congress classification
|i unmediated -- volume
|k v.106:no.6-10
|l 2010:July-Nov./Dec.
|m A14841505529
|
| 952 |
f |
f |
|p serial
|a Texas A&M University
|b College Station
|c Sterling C. Evans Library
|d Evans: Library Stacks
|t 0
|e TF701 .M3
|h Library of Congress classification
|i unmediated -- volume
|k v.105:no.6-10
|l 2009:July-Nov./Dec.
|m A14841505561
|
| 952 |
f |
f |
|p serial
|a Texas A&M University
|b College Station
|c Sterling C. Evans Library
|d Evans: Library Stacks
|t 0
|e TF701 .M3
|h Library of Congress classification
|i unmediated -- volume
|k v.99:no.5-9
|l 2003:June/July-Nov.Dec.
|m A14832192000
|
| 952 |
f |
f |
|p serial
|a Texas A&M University
|b College Station
|c Sterling C. Evans Library
|d Evans: Library Stacks
|t 0
|e TF701 .M3
|h Library of Congress classification
|i unmediated -- volume
|k v.107:no.6-10
|l 2011:July-Nov./Dec.
|m A14841505480
|
| 952 |
f |
f |
|p serial
|a Texas A&M University
|b College Station
|c Sterling C. Evans Library
|d Evans: Library Stacks
|t 0
|e TF701 .M3
|h Library of Congress classification
|i unmediated -- volume
|k v.105:no.1-5
|l 2009:Jan.-June
|m A14838932424
|
| 952 |
f |
f |
|p serial
|a Texas A&M University
|b College Station
|c Sterling C. Evans Library
|d Evans: Library Stacks
|t 0
|e TF701 .M3
|h Library of Congress classification
|i unmediated -- volume
|k v.113:no.6-10
|l 2017:July-Nov./Dec.
|m A14850375792
|
| 952 |
f |
f |
|p serial
|a Texas A&M University
|b College Station
|c Sterling C. Evans Library
|d Evans: Library Stacks
|t 0
|e TF701 .M3
|h Library of Congress classification
|i unmediated -- volume
|k v.112:no.1-5
|l 2016:Jan.-June/July
|m A14850095119
|
| 952 |
f |
f |
|p serial
|a Texas A&M University
|b College Station
|c Sterling C. Evans Library
|d Evans: Library Stacks
|t 0
|e TF701 .M3
|h Library of Congress classification
|i unmediated -- volume
|k v.114:no.1-5
|l 2018:Jan.-June
|m A14850403941
|
| 952 |
f |
f |
|p serial
|a Texas A&M University
|b College Station
|c Sterling C. Evans Library
|d Evans: Library Stacks
|t 0
|e TF701 .M3
|h Library of Congress classification
|i unmediated -- volume
|k v.110:no.6-10
|l 2014:July-Nov./Dec.
|m A14843481350
|
| 952 |
f |
f |
|p serial
|a Texas A&M University
|b College Station
|c Sterling C. Evans Library
|d Evans: Library Stacks
|t 0
|e TF701 .M3
|h Library of Congress classification
|i unmediated -- volume
|k v.102:no.1-5
|l 2006:Jan.-June
|m A14834634529
|
| 952 |
f |
f |
|p serial
|a Texas A&M University
|b College Station
|c Sterling C. Evans Library
|d Evans: Library Stacks
|t 0
|e TF701 .M3
|h Library of Congress classification
|i unmediated -- volume
|k v.96:no.1-4
|l 2000:Jan.-May
|m A14828579680
|
| 952 |
f |
f |
|p serial
|a Texas A&M University
|b College Station
|c Sterling C. Evans Library
|d Evans: Library Stacks
|t 0
|e TF701 .M3
|h Library of Congress classification
|i unmediated -- volume
|k v.98:no.5-9
|l 2002:June/July-Nov.-Dec.
|m A14830946796
|
| 952 |
f |
f |
|p serial
|a Texas A&M University
|b College Station
|c Sterling C. Evans Library
|d Evans: Library Stacks
|t 0
|e TF701 .M3
|h Library of Congress classification
|i unmediated -- volume
|k v.101:no.6-10
|l 2005:July-Nov./Dec.
|m A14833446842
|
| 952 |
f |
f |
|p serial
|a Texas A&M University
|b College Station
|c Sterling C. Evans Library
|d Evans: Library Stacks
|t 0
|e TF701 .M3
|h Library of Congress classification
|i unmediated -- volume
|k v.111:no.1-5
|l 2015:Jan.-June/July
|m A14843481368
|
| 952 |
f |
f |
|p serial
|a Texas A&M University
|b College Station
|c Sterling C. Evans Library
|d Evans: Library Stacks
|t 0
|e TF701 .M3
|h Library of Congress classification
|i unmediated -- volume
|k v.102:no.6-10
|l 2006:July-Nov./Dec.
|m A14835094439
|
| 952 |
f |
f |
|p serial
|a Texas A&M University
|b College Station
|c Sterling C. Evans Library
|d Evans: Library Stacks
|t 0
|e TF701 .M3
|h Library of Congress classification
|i unmediated -- volume
|k v.112:no.6-9
|l 2016:Aug-Nov./Dec.
|m A14850095101
|
| 952 |
f |
f |
|p serial
|a Texas A&M University
|b College Station
|c Sterling C. Evans Library
|d Evans: Library Stacks
|t 0
|e TF701 .M3
|h Library of Congress classification
|i unmediated -- volume
|k v.92
|l 1996
|m A14821103276
|
| 952 |
f |
f |
|p serial
|a Texas A&M University
|b College Station
|c Sterling C. Evans Library
|d Evans: Library Stacks
|t 0
|e TF701 .M3
|h Library of Congress classification
|i unmediated -- volume
|k v.95:no.5-8
|l 1999:July/Aug.-Nov./Dec.
|m A14827258223
|
| 952 |
f |
f |
|p serial
|a Texas A&M University
|b College Station
|c Sterling C. Evans Library
|d Evans: Library Stacks
|t 0
|e TF701 .M3
|h Library of Congress classification
|i unmediated -- volume
|k v.104:no.6-10
|l 2008:July-Nov./Dec.
|m A14838468718
|
| 952 |
f |
f |
|p serial
|a Texas A&M University
|b College Station
|c Sterling C. Evans Library
|d Evans: Library Stacks
|t 0
|e TF701 .M3
|h Library of Congress classification
|i unmediated -- volume
|k v.110:no.1-5
|l 2014:Jan.-June
|m A14843481343
|
| 952 |
f |
f |
|p serial
|a Texas A&M University
|b College Station
|c Sterling C. Evans Library
|d Evans: Library Stacks
|t 0
|e TF701 .M3
|h Library of Congress classification
|i unmediated -- volume
|k v.117:no.6-9
|l 2021:Sept.-Dec.
|m A14851519364
|
| 952 |
f |
f |
|p serial
|a Texas A&M University
|b College Station
|c Sterling C. Evans Library
|d Evans: Library Stacks
|t 0
|e TF701 .M3
|h Library of Congress classification
|i unmediated -- volume
|k v.106:no.1-5
|l 2010:Jan.-June
|m A14841505553
|
| 952 |
f |
f |
|p serial
|a Texas A&M University
|b College Station
|c Sterling C. Evans Library
|d Evans: Library Stacks
|t 0
|e TF701 .M3
|h Library of Congress classification
|i unmediated -- volume
|k v.117:no.1-5
|l 2021:Jan./Feb.-Aug.
|m A14851515339
|
| 952 |
f |
f |
|p serial
|a Texas A&M University
|b College Station
|c Sterling C. Evans Library
|d Evans: Library Stacks
|t 0
|e TF701 .M3
|h Library of Congress classification
|i unmediated -- volume
|k v.109:no.1-5
|l 2013:Jan.-June
|m A14842307929
|
| 952 |
f |
f |
|p serial
|a Texas A&M University
|b College Station
|c Sterling C. Evans Library
|d Evans: Library Stacks
|t 0
|e TF701 .M3
|h Library of Congress classification
|i unmediated -- volume
|k v.94:no.5-8
|l 1998:July/Aug.-Nov./Dec.
|m A14827258011
|
| 952 |
f |
f |
|p serial
|a Texas A&M University
|b College Station
|c Sterling C. Evans Library
|d Evans: Library Stacks
|t 0
|e TF701 .M3
|h Library of Congress classification
|i unmediated -- volume
|k v.107:no.1-5
|l 2011:Jan.-June
|m A14841505511
|
| 952 |
f |
f |
|p serial
|a Texas A&M University
|b College Station
|c Sterling C. Evans Library
|d Evans: Library Stacks
|t 0
|e TF701 .M3
|h Library of Congress classification
|i unmediated -- volume
|k v.104:no.1-5
|l 2008:Jan.-June
|m A14834737385
|
| 998 |
f |
f |
|a TF701 .M3
|s 2003,2010
|t 0
|l Evans: Library Stacks
|